[Event "ESP-chB"]
[Site "Ayamonte"]
[Date "2002.10.05"]
[Round "2"]
[White "Arizmendi Martinez, Julen Luis"]
[Black "Vallejo Pons, Francisco"]
[Result "0-1"]
[WhiteElo "2510"]
[BlackElo "2635"]
[Annotator "Arizmendi,J"]
[PlyCount "82"]
[EventDate "2002.10.04"]
[EventType "tourn"]
[EventRounds "5"]
[EventCountry "ESP"]
[EventCategory "11"]
[SourceTitle "CBM 092"]
[Source "ChessBase"]
[SourceDate "2003.02.06"]
[SourceVersion "1"]
[SourceVersionDate "2003.02.06"]
[SourceQuality "1"]

1. e4 {Milov,V} c5 2. Nf3 e6 3. d4 cxd4 4. Nxd4 a6 5. Be2 {'?!' Milov,V. I had
never played this before, but Vallejo somehow guessed I might go for it and
had prepared against it. Milov,V: 'A passive continuation. Usually White plays:
5.Bd3, 5.c4 or 5.Nc3.'} Nf6 6. Nc3 (6. f3 {Milov,V} e5 $1 7. Nb3 d5 $11) 6...
Bb4 7. O-O d6 $1 {This move has been neglected for some reason. I think white
can gain no advantage whatsoever after it.} (7... Bxc3 $6 8. bxc3 Nxe4 {
'?!' Milov,V.} (8... d6 $5 {Milov,V}) 9. Ba3 {Gives white good compensation
for the pawn.} (9. Qd3 {Milov,V} f5 (9... d5 {Milov,V} 10. c4 Nc6 11. cxd5 exd5
12. Ba3 Qf6 13. Nxc6 bxc6 14. c4 $40) 10. f3 Nc5 11. Qe3 O-O 12. Nxf5 Rxf5 13.
g4 Rf7 14. Qxc5 Nc6 $13)) 8. Qd3 {This is probably the moment to look for an
improvement for white, although 8.Qd3 seems to be the most logical move.} Nbd7
(8... O-O $1 {Is more precise. Nbd7 is coming. Black´s position is very
confortable.}) (8... Bxc3 $5 {Milov,V} 9. bxc3 Qc7 $15) 9. Qg3 Bxc3 (9... O-O
10. Bh6 $14) 10. bxc3 Nxe4 11. Qxg7 Qf6 12. Qxf6 Ndxf6 13. c4 {Milov,V:
'Despite of the spoiled pawn structure white has advantages too: active piece
play and two bishops.'} e5 {Milov,V: 'preparing the square e6 for the bishop.'}
14. Nb3 Be6 {After 8...Nbd7, this position is reached by force.} 15. Bb2 $1 {
Keeping all options (f4 or f3) open.} (15. f4 {Is what had been played before,
but black managed to make white's pawn structure count more than the bishop
pair.} Rc8 16. fxe5 dxe5 17. Bb2 Nd7 18. Bd3 Nd6 19. Rae1 Nxc4 20. Bxc4 Rxc4
21. Bxe5 Nxe5 22. Rxe5 Rxc2 23. Nd4 Rxa2 24. Nxe6 fxe6 25. Rxe6+ Kd7 26. Rh6 a5
27. Rf7+ Kc8 28. Rb6 Rg8 29. Rfxb7 Rgxg2+ 30. Kf1 Rgc2 31. Rb8+ Kd7 32. R8b7+
Rc7 33. Rxc7+ Kxc7 34. Rh6 a4 35. Ke1 a3 36. Kd1 Rg2 37. Rxh7+ Kb6 38. Rh6+ Kb5
39. Rh5+ Kb4 40. Rh4+ Kb3 {0-1 Sznapik,A-Gheorghiu,F/La Valetta 1980/MAS B41
ZR (40)}) 15... Rc8 16. f3 {'!' Milov,V.} (16. f4 Nd7) 16... Nc5 17. f4 {
'?!' Milov,V.} (17. Nxc5 {Did not convince me.} Rxc5 18. f4 Ne4 (18... Nd7 19.
Ba3 Rc6 20. Rad1 Bxc4 21. Bxc4 Rxc4 22. Rxd6 Rxc2 23. Rfd1 Rg8 24. g3 Rc7 25.
fxe5 {and black still has to overcome certain difficulties.}) 19. Bd3 (19. Ba3
Rc6 20. Rfe1 {Trying to keep the bishop pair, but not for long.} Nc3 21. Bf1 (
21. c5 e4 $1 22. cxd6 Kd7 {With excellent compensation for the pawn.}) 21... f6
22. Re3 Na4 23. Rd1 Bxc4 24. Rxd6 Rxd6 25. Bxd6 Bxf1 26. Kxf1 Kd7 27. fxe5 Rc8
$11 {white´s poor queenside pawn structure is always a problem when reaching
an ending.}) 19... Nd2 20. Rf2 Nxc4 21. Bxc4 Rxc4 22. fxe5 d5 $15 {This is not
very nice for white, despite the bishops of opposite color. c2 is weak, and
black's e6 bishop is better than the one on b2.}) (17. Rad1 $5 {Milov,V} Na4
18. Ba1 Ke7 19. f4 Nd7 20. Na5 Nab6 (20... b6 {Milov,V} 21. Nb7 Rc6 22. Bf3 $16
) (20... Rc7 $2 {Milov,V} 21. f5 $18) 21. Nxb7 (21. Rfe1 $5 $36 {Milov,V})
21... Bxc4 22. Rf2 Bd5 23. Nxd6 Kxd6 24. fxe5+ Kc7 25. e6 Bxe6 26. Bxh8 Rxh8
27. Bxa6 Ra8 28. Bd3 h5 $11) 17... Na4 (17... Nfd7 18. Nxc5 Rxc5 $5 {Is also
possible, but Vallejo had a tactical idea in mind.}) 18. Ba3 (18. fxe5 Nd7 $1 {
Is the key idea.} 19. Ba3 dxe5 $15) 18... e4 $1 {'[]' Milov,V.} 19. Bxd6 (19.
Na5 $5 {Milov,V} Nc3 20. Rae1 Nxe2+ 21. Rxe2 Bxc4 22. Nxc4 Rxc4 23. Bxd6 Kd7
24. Rd1 Rhc8 25. f5 $11) 19... Nc3 20. Rfe1 Nxe2+ 21. Rxe2 Bxc4 22. Ree1 Rg8 $1
{'=' Milov,V. Vallejo has displayed great defensive skills and he is finally
out of trouble. But I quickly played my next move, realizing a little after I
had made a mistake.} 23. Be5 $6 (23. Nd2 Be6 24. c4 b5 (24... Bxc4 25. Be5 Nd7
26. Nxe4) (24... Rd8 25. c5 Bd5 26. Rad1) 25. c5 Bd5 26. Rad1 {Is equal.})
23... Nd7 $1 24. Na5 {'?!' Milov,V. There is no easy route to equality for
white anymore.} (24. Rxe4 Rxg2+ 25. Kxg2 Bd5 26. Nd2 f5 (26... Rxc2 $6 {Milov,V
} 27. Kh3) 27. c4 (27. Bd4+ {Milov,V} Kf7 28. c4 Bxe4+ 29. Nxe4 fxe4 30. Rc1
$11) 27... Bxe4+ 28. Nxe4 fxe4 29. Rb1 b6 $15 {Was a line indicated by Vallejo
after the game. White should have good drawing chances, but the move played in
the game is better.}) 24... Nxe5 25. fxe5 (25. Rxe4 $2 {Milov,V} Rxg2+ $1 26.
Kxg2 Bd5 27. fxe5 Bxe4+ 28. Kg3 Rxc2 $19) 25... Be6 {'!' Milov,V. Milov,V:
'Black has active pieces but the position remains balanced.'} 26. c4 Ke7 27.
Rab1 {'!' Milov,V.} (27. Rxe4 {Milov,V} b6 28. Nb7 (28. Nb3 {Milov,V} Bxc4 29.
Rc1 Bd5 30. Rxc8 Rxc8 31. Re2 Rc3 32. Nd4 Ra3 33. Nf5+ Kd7 $19) 28... Rxc4 29.
Rxc4 Bxc4 30. Nd6 Bd5 31. g3 Ke6 32. Rf1 f6 $19) (27. Nxb7 {Milov,V} Rxc4 28.
Re2 Rg5 $1 $17) 27... b5 {'!' Milov,V. Black has got to open up the position
for his bishop.} (27... Bxc4 {Milov,V} 28. Rxb7+ Ke6 29. Rb6+ Kd5 30. Nxc4 Rxc4
31. Rxa6 Kxe5 $11) 28. cxb5 Rc2 29. g3 $6 {Another inaccurate move in mutual
time trouble. Correct was} (29. Nc6+ Kd7 30. g3 axb5 31. Nd4 $11 {With a very
easy draw.}) 29... axb5 (29... Bxa2 {Milov,V} 30. Nc6+ Rxc6 $8 31. bxc6 Bxb1
32. Rxb1 $11) 30. Rxb5 Rd8 {'!?' Milov,V. Milov,V: 'Active pieces are more
important than pawns here!'} 31. Nb3 Rxa2 (31... Bxb3 {Milov,V} 32. axb3 Rdd2
33. Rb7+ Kf8 (33... Ke6 {Milov,V} 34. Rb6+ Kxe5 35. Rh6 $15) 34. e6 $1 Rg2+ 35.
Kh1 Rxh2+ 36. Kg1 fxe6 37. Rxe4 $11) 32. Nc5 $2 {And here I missed my last
chance to get an equal ending.} (32. Rb7+ $1 {This move is very important,
forcing black to e8, which will allow white to gain a very important tempo
later on..} Ke8 (32... Kf8 33. Nc5 Bd5 34. Rd7 $11) 33. Nc5 Bd5 34. Rb4 $1 e3
35. Ne4 $1 {The defensive setup white was looking for. Now the e3 pawn is
threatened, as well as Nf6 in some lines.} Kf8 36. Rxe3 Rc8 (36... Rda8 37. Re1
Rc2 38. Nf2 Raa2 39. Rf4 {White's position is unassailable.}) (36... Bxe4 37.
Rbxe4 Rd1+ 38. Re1) 37. Rc3 Re8 38. Rc1 Rxe5 39. Nf2 Ree2 40. Rf4 $11 {White
has created a fortress.}) 32... Bd5 {Milov,V: 'not only keeping the pawn, but
also threatening to open the long diagonal with the decisive advantage.'} 33.
Rbb1 (33. Rb4 e3 (33... Rc8 $1 {Milov,V} 34. Rb5 Ba8 $19 {with the idea Rd8-d2}
) 34. Ne4 Rc8 35. Nf6 Rg2+ 36. Kf1 Bf3 37. Rxe3 Rc1+ 38. Re1 Rcc2) 33... e3 $1
34. Rxe3 (34. Ra1 {Milov,V} Rg2+ 35. Kf1 Rc2 36. Ra7+ Ke8 $19) 34... Rg2+ 35.
Kf1 Rxh2 $17 {Black's bishop has finally become active, and together with the
rook on the seventh rank it spells white's end.} 36. Rbe1 $2 (36. Rb4 Rc2 (
36... Bc4+ $1 {Milov,V} 37. Ke1 (37. Rxc4 $2 {Milov,V} Rd1+ 38. Re1 Rh1+ $19)
37... Rdd2 $1 38. Rb7+ (38. Rxc4 {Milov,V} Ra2 39. Kd1 Rh1+ 40. Re1 Ra1+ $19)
38... Kf8 39. Rb8+ Kg7 40. Re4 h5 41. Rxc4 Ra2 42. Ne6+ fxe6 43. Rc7+ Kg6 44.
Rg8+ Kf5 $19) 37. Ne4 Bc4+ (37... Bxe4 {Milov,V} 38. Rexe4 Rdd2 39. e6 fxe6 40.
Rb7+ Kf6 41. Rxh7 $11) 38. Ke1 Ra8 $17) 36... Bc4+ 37. Kg1 Rdd2 38. Nd3 Rhg2+
39. Kh1 Rh2+ (39... Bd5 $1) 40. Kg1 Rhg2+ 41. Kf1 Rdf2# 0-1

[Event "Paris NAO GM 4th"]
[Site "Paris"]
[Date "2004.12.15"]
[Round "1"]
[White "Libiszewski, Fabien"]
[Black "Marzolo, Cyril"]
[Result "0-1"]
[WhiteElo "2419"]
[BlackElo "2437"]
[Annotator "Atlas,V"]
[PlyCount "50"]
[EventDate "2004.12.15"]
[EventType "tourn"]
[EventRounds "9"]
[EventCountry "FRA"]
[EventCategory "10"]
[SourceTitle "CBM 105"]
[Source "ChessBase"]
[SourceDate "2005.04.11"]
[SourceVersion "1"]
[SourceVersionDate "2005.04.11"]
[SourceQuality "1"]

1. e4 c5 2. Nf3 e6 3. d4 cxd4 4. Nxd4 a6 5. c4 Nf6 6. Nc3 Bb4 7. Bd3 Nc6 8.
Nde2 Qc7 9. a3 Be7 10. Bf4 Ne5 11. O-O g5 12. Bg3 h5 13. Nd4 Nfg4 14. Be2 h4
15. Bxg4 hxg3 16. hxg3 Bf6 17. Be2 g4 18. Nc2 Qc5 19. Re1 d6 20. Ne3 Bd7 21. b4
$4 ({This untimely pawn advance is impressively refuted by Black. After Dieser
verfehlte Bauernvorstoß wird von Schwarz eindrucksvoll widerlegt. Nach} 21.
Bxg4 Nxg4 22. Nxg4 Bxc3 23. bxc3 {White has better chances. hätte Weiß die
besseren Chancen.}) {[%tqu "En","White's king is unsafe, and the control of
the h-file promises Black good attacking prospects. Should he retreat his
queen now?","Of course not! Try to bring your queen into the attack!",
"Sacrifice your knight!","e5f3","The decisive blow! To avoid mate, White has
to suffer huge material losses.",6,"De","Der weiße König steht unsicher, und
die Kontrolle der h-Linie verspricht Schwarz gute Angriffschancen. Soll er
jetzt seine Dame zurückziehen?","Bestimmt nicht! Versuchen Sie, die Dame in
den Angriff einzuschalten!","Opfern Sie Ihren Springer!","e5f3","Der
entscheidende Schlag! Zur Verhinderung des Matts muss Weiß riesige
Materialverluste in Kauf nehmen.",6]} 21... Nf3+ $1 {[%csl Rc3,Gc5,Gf3,Gf6,Rg1,
Rh1,Gh8][%cal Gc5h5,Gh8h1,Gf6c3] This impressive knight sacrifice, allowing
Black to bring his queen into attack, decides the game. Dieses sehenswerte
Springeropfer erlaubt Schwarz, seine Dame entscheidend in den Angriff
einzuschalten.} 22. Bxf3 ({After Nach} 22. gxf3 Qh5 {mate is inevitable: ist
matt unausweichlich:} 23. Kg2 Qh3+ 24. Kg1 Qh1#) 22... Qh5 23. Kf1 gxf3 {
Resuming the mate threat. Erneuert die Mattdrohung.} ({Much weaker was Viel
schwächer war} 23... Qh1+ 24. Ke2 gxf3+ 25. gxf3 {, and White has good winning
chances. und Weiß hat gute Gewinnchancen.}) (23... Bxc3 24. Nxg4 {was also not
very convincing. war ebenfalls nicht besonders überzeugend.}) 24. gxf3 Bxc3 25.
Qxd6 Qxf3 {[%csl Rf1,Gf3,Rh1,Gh8][%cal Gh8h1] , and White resigned in view of
inevitable mate. und Weiß gab auf, denn Matt ist unausweichlich.} 0-1

[Event "American Continental 3rd"]
[Site "Buenos Aires"]
[Date "2005.08.06"]
[Round "1"]
[White "Critelli, James M"]
[Black "Bruzon Batista, Lazaro"]
[Result "0-1"]
[WhiteElo "2318"]
[BlackElo "2662"]
[Annotator "Atlas,V"]
[PlyCount "102"]
[EventDate "2005.08.06"]
[EventType "swiss"]
[EventRounds "11"]
[EventCountry "ARG"]
[SourceTitle "CBM 109"]
[Source "ChessBase"]
[SourceDate "2005.11.14"]
[SourceVersion "1"]
[SourceVersionDate "2005.11.14"]
[SourceQuality "1"]

1. e4 c5 2. Nf3 e6 3. d4 cxd4 4. Nxd4 a6 5. c4 Nf6 6. Nc3 Bb4 7. Bd3 Nc6 8.
Nxc6 dxc6 9. O-O e5 10. Kh1 Qe7 11. f4 Bg4 12. Qe1 O-O-O 13. Bc2 Be6 14. Qe2
Rd4 15. Na4 Kb8 16. b3 Rhd8 17. f5 Bc8 18. Qf3 b5 19. Nb2 Bd2 20. Bd3 Bc3 21.
Bc2 b4 22. Rb1 Bb7 23. Be3 c5 24. Bg5 Bc6 25. Nd1 Bd2 26. Bxf6 Qxf6 27. Nf2 Bc3
28. Ng4 Qd6 29. f6 g6 30. Ne3 Rd2 31. Rbd1 Rxd1 32. Rxd1 Bd4 33. Nd5 h5 34. Rf1
Bd7 35. Qg3 Kb7 36. Qh4 Rh8 37. h3 a5 38. Rf3 Qf8 39. Qg5 h4 40. Rf1 Qa8 41.
Bd1 a4 42. Bg4 axb3 43. axb3 Bc6 44. Qd2 Qa3 45. Qc2 Ra8 46. Ne7 Kc7 47. Be6 $4
({This untimely sacrifice is impressively refuted by Bruzon. White obviously
underestimated Black's attacking potential. After} 47. Nxc6 {or 47.Nd5+, White
retained counterchances.}) {[%tqu "En","White's last move was a very serious
mistake. How would your prove it?","Exploit a weakness of White's back rank.",
"Sacrifice your queen!","a3a1","This remarkable queen sacrifice spells a quick
end for White.",6,"f7e6","",0]} 47... Qa1 $1 {[%csl Ga1,Ga8,Gd4,Re4,Rf1,Rh1,
Gh4][%cal Gc6e4,Gd4g1]} ({After this impressive move Black's attack becomes
irresistible. Much weaker was} 47... fxe6 48. f7) 48. Qe2 ({The queen is
invulnerable:} 48. Rxa1 Rxa1+ 49. Kh2 Bg1+ 50. Kh1 Bf2+ 51. Kh2 Bg3#) (48. Qd3
{is strongly met by} Bxe4) (48. Qd1 Qxd1 49. Rxd1 fxe6 {is hopeless for White.}
) 48... Ra2 $1 49. Qe1 (49. Qf3 {loses to} Bxe4) 49... Qb2 $1 {[%csl Rg2,Rh1]
[%cal Ga2g2,Gd4g1] The strongest continuation.} 50. Rg1 Bxg1 51. Qxg1 Ra1 0-1

[Event "KasparovChess GP g/60"]
[Site "Internet"]
[Date "2000.02.11"]
[Round "1.1"]
[White "Milos, Gilberto"]
[Black "Morozevich, Alexander"]
[Result "0-1"]
[WhiteElo "2620"]
[BlackElo "2748"]
[Annotator "Avrukh,B"]
[PlyCount "102"]
[EventDate "2000.02.09"]
[EventType "k.o."]
[EventRounds "4"]
[EventCountry "NET"]
[SourceTitle "CBM 076"]
[Source "ChessBase"]
[SourceDate "2000.05.31"]
[SourceVersion "1"]
[SourceVersionDate "2000.05.31"]
[SourceQuality "1"]

1. e4 {Finkel,A} c5 2. Nf3 Nc6 3. d4 cxd4 4. Nxd4 Qb6 5. Nb3 Nf6 6. Bd3 e6 7.
O-O Be7 8. c4 (8. Nc3 d6 9. a4 O-O 10. a5 Qc7 11. f4 Bd7 12. g4 Nb4 13. g5 Ne8
$13 {1/2-1/2 Lobzhanidze,D-Yegiazarian,A/Erevan op 1996 (34)}) (8. Be3 Qc7 9.
Nc3 O-O 10. f4 d6 11. Qf3 a6 12. g4 Nd7 13. g5 Nb4 14. Qh5 Re8 15. Rf3 g6 16.
Qh6 Bf8 $132 {Ciobanu,A-Lupu,M/Odorheiu Secuiesc op 1993 (40)}) 8... Ne5 (8...
d6 9. Nc3 Qc7 10. Bf4 b6 11. Rc1 $1 {[%cal Gc4c5]} Ne5 12. Nb5 Qb8 13. Bb1 Bb7
14. Bxe5 dxe5 15. c5 $5 $36 {1-0 Kondou,E-Fanouraki,N/GRE-chW 1996 (28)}) (8...
d5 9. Nc3 (9. exd5 exd5 10. c5 $6 Bxc5 11. Nxc5 Qxc5 12. Nc3 O-O 13. Bg5 Qd6
$15 {Stisis,Y-Golod,V/ISR-chT 1996/0-1 (44)}) 9... d4 10. c5 Qd8 11. Nb5 O-O
12. Bg5 e5 13. Rc1 Ne8 14. Bd2 Be6 $13 {Brooks,M-Epishin,V/New York op 1989/
0-1 (70)}) 9. Nc3 d6 10. Be2 a6 11. Be3 Qc7 12. Rc1 (12. Qd4 O-O 13. f4 Ned7
14. Rad1 b6 15. Bf3 Bb7 $13) 12... b6 13. f4 Ned7 14. Bf3 {Arising position is
typical not only for the sicilian defense,but also for many other openings.The
plans of the both sides are clear:white tries to create an attack on the
kingside,while black tries to create pressure on e4 and transfer d5.} Bb7 15.
Qe2 O-O 16. Nd4 $5 $14 (16. g4 Rac8 (16... Nc5 17. Nxc5 dxc5 (17... bxc5 18. g5
Nd7 19. Rcd1 $16) 18. e5 Bxf3 19. Qxf3 Nd7 20. Ne4 Rfd8 21. Rfd1 $14) 17. g5
Ne8 18. Nd2 $14) 16... Rfe8 17. g4 Nc5 18. Bf2 e5 $5 {Black can't be satisfied
with opening results and he tries to find a counterplay,but he just puts
himself in danger.} 19. fxe5 dxe5 20. Nf5 Bd8 21. Nd5 ({Very promising option
was} 21. g5 Nfd7 22. h4 (22. Nd5 Bxd5 23. cxd5) 22... Nf8 23. Nd5 Qc6 24. b4
Nce6 25. Be3 $16) 21... Qb8 22. Bxc5 $6 {This move is enough for equality,but
not more than this.} bxc5 23. Bg2 Nd7 24. Qf2 Bg5 25. Rc3 Bxd5 26. exd5 e4 $5 (
26... Bf4 27. d6 Nf6 28. Ne7+ Kh8 29. Bxa8 Qxa8 30. Qg2 $16) (26... Nf6 $5) 27.
Nxg7 $5 Kxg7 28. Qxf7+ Kh8 29. Qxd7 Ra7 $5 (29... Qxb2 $5 30. Rf7 Re7 $8 31.
Rxe7 Bxe7 32. Qxe7 (32. Rh3 Qd4+ 33. Kf1 Rf8+ $19) 32... Qxc3 33. Bxe4 Qg7 34.
Qxg7+ Kxg7 $11) 30. Qf5 (30. Qa4 e3 31. Rd3 e2 32. Re1 Bh4 33. Rg3 Qe5 $17)
30... Qxb2 31. Rb3 Qd4+ 32. Kh1 Rg7 33. d6 ({Nothing changes} 33. h4 $5 Bxh4
34. Qh5 Reg8 35. Qxh4 Rxg4 36. Qh2 (36. Qf6+ Qxf6 37. Rxf6 Rxg2 38. Rxa6 Rc2
39. Ra7 Rf8 40. Kg1 $11) 36... Rxg2 37. Qxg2 Rxg2 38. Kxg2 Qxc4 39. Rg3 $11 {
and the position remains equal.}) 33... h6 34. Rbb1 (34. Rfb1 Qxd6 (34... e3
35. Rb8 Rgg8 36. Rxe8 Rxe8 37. Rb7 $18) 35. Bxe4 Rge7 36. Bd3 $16) 34... e3 35.
Rfd1 Qf6 36. d7 (36. Qxc5 e2 37. Re1 Bh4) 36... Rd8 37. Qxf6 Bxf6 38. Rd6 $6 (
38. Bc6 Bh4 39. Rb2 Rxg4 40. Re2 Bf2 $11) 38... Rgxd7 $1 39. Rxd7 (39. Rxf6 $2
Rd1+ 40. Rxd1 Rxd1+ 41. Rf1 e2 $19) 39... Rxd7 $15 40. Bd5 Bc3 41. Rb8+ Kg7 42.
Re8 Bd4 43. Kg2 Rd6 44. h4 Rf6 45. g5 $2 (45. a4 $5) 45... hxg5 46. hxg5 Rf5
47. Rg8+ Kh7 48. g6+ Kh6 49. Re8 $6 (49. Bf3 Rg5+ 50. Kf1 Rg1+ $1 51. Ke2 Ra1
52. g7 Rxa2+ 53. Kd3 Rd2+) 49... Rf2+ 50. Kg3 Kxg6 $19 51. Be4+ Kf7 0-1

[Event "New York op"]
[Site "New York"]
[Date "1998.03.21"]
[Round "8"]
[White "Ehlvest, Jaan"]
[Black "Movsesian, Sergei"]
[Result "1/2-1/2"]
[WhiteElo "2610"]
[BlackElo "2595"]
[Annotator "Bangiev,A"]
[PlyCount "43"]
[EventDate "1998.03.16"]
[EventType "swiss"]
[EventRounds "9"]
[EventCountry "USA"]
[SourceTitle "CBM 064"]
[Source "ChessBase"]
[SourceDate "1998.06.02"]
[SourceVersion "1"]
[SourceVersionDate "1998.06.02"]
[SourceQuality "1"]

1. e4 c5 2. Nf3 e6 3. d4 cxd4 4. Nxd4 a6 5. c4 Nf6 6. Nc3 Qc7 7. Qe2 d6 8. g4
$5 $146 (8. g3 b6 (8... Be7 9. Bg2 O-O 10. Be3 Nbd7 11. Rc1 Ne5 12. O-O Re8 13.
b3 Rb8 14. Kh1 Neg4 15. Bd2 Qc5 16. Nf3 b6 17. h3 Ne5 18. Ne1 Bb7 19. f4 Ng6
20. Nd3 Qc7 21. Qf2 Qd8 22. Be3 b5 23. cxb5 axb5 24. f5 exf5 25. Qxf5 Bc8 26.
Qf2 Rf8 27. Bd4 Bb7 28. Qe2 d5 29. Bxf6 dxe4 30. Bxe7 exd3 31. Bxd8 dxe2 32.
Nxe2 Bxg2+ 33. Kxg2 Rfxd8 34. Rfd1 Kf8 {1/2-1/2 Ehlvest,J-Zamora,J/New York op
1992/TD 92\05}) (8... Nc6 9. Nxc6 bxc6 10. Bg2 Nd7 11. O-O Be7 12. f4 O-O 13.
Be3 Bb7 14. Rad1 c5 15. g4 Rad8 16. g5 Rfe8 17. Rf3 Bf8 18. Rh3 g6 19. Qg4 f5
20. exf5 exf5 21. Qh4 Nb6 22. Bxb7 Qxb7 23. Bf2 Rd7 24. b3 Red8 25. Rhd3 d5 26.
cxd5 Nxd5 27. Nxd5 Rxd5 28. Qg3 c4 29. Rxd5 Rxd5 30. Rxd5 Qxd5 31. bxc4 Qxc4
32. Qb3 Qxb3 33. axb3 Kf7 34. Kf1 Ke6 35. Ke2 Kd5 36. Kd3 h6 37. gxh6 Bxh6 38.
Be3 Bf8 39. Bc1 Bc5 40. h3 Bd6 41. Be3 {1/2-1/2 Bezold,M-Dizdarevic,E/Cannes
Martinez 1995/EXP 47}) 9. Bg2 Bb7 10. O-O Be7 11. f4 O-O 12. Be3 Nbd7 13. Rac1
Rac8 14. b3 Qb8 15. Bf3 Rfe8 16. Qg2 Qa8 17. Nde2 Nc5 18. g4 Nfxe4 19. Nxe4
Bxe4 20. Bxe4 Nxe4 21. Bxb6 d5 22. cxd5 exd5 23. Ng3 Qb8 24. Be3 Ba3 25. Rxc8
Qxc8 26. Nf5 Bc5 27. Kh1 Bxe3 28. Nxe3 Qc5 29. Nf5 Qc3 30. Rf3 Qf6 31. h3 Rc8
32. Rd3 g6 33. Rxd5 gxf5 34. gxf5+ Qg7 35. Qxg7+ Kxg7 36. Ra5 Rc6 37. Kg2 Kf6
38. Kf3 Nd6 39. a4 Nxf5 40. b4 Nd6 41. b5 axb5 42. axb5 Rc5 43. Ra6 Ke6 44. b6
Rb5 45. Ke3 Kd5 46. Kf3 h5 {0-1 Polzin,R-Csom,I/Bern op 1992/CBM 28}) 8... h6
9. Bg2 g5 $5 {[%csl Ye5] /\Nb8-d7-e5} 10. h4 Rg8 11. hxg5 hxg5 12. Nf3 $5 (12.
Be3 Nbd7 13. b3 Ne5 14. f3 b5 $36) 12... Nxg4 13. Nxg5 Ne5 14. f4 (14. Bf1 Be7
$40) 14... Nxc4 15. Rh7 Bg7 (15... Rg7 16. Rh8 $36) 16. e5 $5 dxe5 (16... d5 $6
17. Qh5 {/\Rxh7!} Qe7 18. b3 Nb6 19. a4 $36 {/\Ba3}) 17. f5 $5 e4 $1 (17...
exf5 $6 18. Nd5 Qc5 19. b4 Qc6 20. Qh5 $40) (17... Na5 18. Qh5 $1 {/\19.Rxh7; /
\19.Nxe6}) 18. Ncxe4 Qa5+ 19. Kd1 (19. Kf1 $5 Qxf5+ 20. Kg1 Bd4+ 21. Kh1 $13)
19... Qd5+ 20. Ke1 (20. Nd2 $6 Qxg2 $1 (20... Ne3+ 21. Qxe3 Qxg2 22. Nde4 $13)
21. Nxc4 (21. Qxg2 $2 Ne3+) 21... Qxe2+ (21... Qd5+ 22. Bd2 $13) 22. Kxe2 Nc6
$17) 20... Qa5+ 21. Kd1 Qd5+ 22. Ke1 1/2-1/2

[Event "Washington op 5th"]
[Site "Rockville"]
[Date "2016.08.17"]
[Round "9"]
[White "Sevian, Samuel"]
[Black "Smirin, Ilia"]
[Result "0-1"]
[WhiteElo "2600"]
[BlackElo "2687"]
[Annotator "Besenthal,K"]
[PlyCount "82"]
[EventDate "2016.08.13"]
[EventType "swiss"]
[EventRounds "9"]
[EventCountry "USA"]
[SourceTitle "CBM 173 Extra"]
[Source "ChessBase"]
[SourceDate "2016.08.29"]
[SourceVersion "1"]
[SourceVersionDate "2016.08.29"]
[SourceQuality "1"]

1. e4 c5 2. Nf3 e6 3. d4 cxd4 4. Nxd4 a6 5. c4 Nf6 6. Nc3 Qc7 7. a3 b6 8. Be3
Bb7 9. f3 d6 10. Be2 Be7 11. O-O Nbd7 12. Rc1 Rc8 13. b4 Qb8 14. Kh1 {Diagramm
[#]} h5 ({Hier wurde bislang ausschließlich} 14... O-O {gespielt, doch Smirin
gibt dem Spiel einen ganz anderen Charakter.}) 15. Na4 h4 16. Nb3 Bd8 17. c5 b5
18. Nd4 {Diagramm [#]} Ba8 (18... bxa4 19. c6 $16) 19. Bf4 h3 (19... bxa4 20.
Bxa6 e5 21. Bxc8 Qxc8 22. Nf5 $18) 20. g4 e5 {Diagramm [#] Was für eine
Stellung - nicht weniger als drei weiße Figuren stehen ein!} (20... bxa4 21.
Bxa6) 21. Nf5 Nxe4 $1 {Eine kaum noch zu durchschauende taktische Gemengelage.}
(21... bxa4 22. Nxd6+ Kf8 23. Be3 $1 $18) (21... exf4 22. Nxd6+ Kf8 23. Nxc8
Qxc8 24. c6 $1 $18) 22. Nc3 $2 (22. Be3 $1) 22... Nxc3 23. Nxd6+ Kf8 24. Rxc3
exf4 25. Nxc8 Qxc8 26. Qd6+ Be7 27. Qxf4 Nf6 28. Rcc1 ({Weiß kann das
Schlagen auf g4 nicht verhindern:} 28. Kg1 Nd5) 28... Nxg4 29. c6 Nf6 30. c7 {
Diagramm [#] Vielleicht wäre es besser gewesen, den Bauern auf c6 zu lassen.
Umwandeln kann er sich eh nicht, aber jetzt steht auch der La8 wieder drohend.}
Rh5 31. Rg1 Bb7 32. Rg5 Rxg5 33. Qxg5 Nd5 34. Qe5 f6 35. Qg3 g5 36. Bd3 Nf4 37.
Be4 Bxe4 38. fxe4 Kg7 39. Rc6 Ne2 40. Qf2 Qg4 {Diagramm [#] Jetzt ist der Bc7
egal!} 41. c8=Q Qxe4+ 0-1